[Event "Mondiale Lampo FIDE 2022"]
[Site "Alma Ata"]
[Date "29.12.2022"]
[Round "1.67"]
[White "Ansat, Aldiyar"]
[Black "Ghasi, Ameet K"]
[Result "1-0"]
[WhiteTitle ""]
[BlackTitle ""]
[WhiteElo "2291"]
[BlackElo "2471"]
[WhiteFideId "13715658"]
[BlackFideId "409200"]
[EventDate "29.12.2022"]

1. e4 c6 2. d4 d5 3. Nc3 dxe4 4. Nxe4 Nf6 5. Nxf6+ exf6 6. Be3 Bd6 7. Bd3 O-O 8.
Ne2 Re8 9. O-O Bg4 10. Qd2 Nd7 11. c4 c5 12. d5 Ne5 13. Nc3 Bh5 14. Rfe1 a6 15.
Bf1 Bg6 16. h3 Qc7 17. a4 Nd7 18. Rad1 Re7 19. Ne2 Rae8 20. Nf4 Be4 21. a5 Nf8
22. b3 Qd7 23. b4 cxb4 24. c5 Bxf4 25. Bxf4 Ng6 26. Bd6 b3 27. Bxe7 Rxe7 28. Qb4
Bxd5 29. Bc4 Rxe1+ 30. Qxe1 Nf4 31. Bxd5 Kf8 32. Bxb3 Qc7 33. Qd2 Qc6 34. Qd8+
Qe8 35. Qd6+ Kg8 36. Qxf4 1-0

[Event "Mondiale Lampo FIDE 2022"]
[Site "Alma Ata"]
[Date "29.12.2022"]
[Round "1.68"]
[White "Aravindh, Chithambaram VR."]
[Black "Khripachenko, Alexander"]
[Result "1-0"]
[WhiteTitle ""]
[BlackTitle ""]
[WhiteElo "2607"]
[BlackElo "2219"]
[WhiteFideId "5072786"]
[BlackFideId "54184975"]
[EventDate "29.12.2022"]

1. Nf3 d5 2. d4 Nf6 3. Bf4 Bf5 4. e3 e6 5. c4 Bxb1 6. Rxb1 Bb4+ 7. Ke2 dxc4 8.
Qa4+ Nc6 9. Ne5 Nd5 10. Nxc6 Qd7 11. a3 Nxf4+ 12. exf4 Bd6 13. g3 Qxc6 14. Qxc6+
bxc6 15. Kd2 O-O 16. Bxc4 Rfd8 17. Ke3 Rab8 18. b4 Be7 19. Rhd1 Bf6 20. Rbc1 Rd6
21. Be2 Rbd8 22. Rc4 Kf8 23. Bf3 Ke7 24. Bxc6 g6 25. Bf3 R8d7 26. h4 h5 27. Bc6
Rd8 28. Ba4 Rc8 29. Bc2 Kf8 30. Be4 Rcd8 31. Rd3 R8d7 32. Bc6 Rd8 33. b5 Kg7 34.
Ra4 Kf8 35. Rb4 Be7 36. Rc4 Bf6 37. a4 Kg7 38. a5 Kf8 39. Be4 R8d7 40. Bc6 Rd8
41. Ke4 Kg7 42. Rd1 Kf8 43. Ke3 Kg7 44. f3 Kf8 45. g4 hxg4 46. fxg4 Ke7 47. g5
Bg7 48. Bf3 R8d7 49. Be4 Rd8 50. Rxc7+ Kf8 51. Rc4 R8d7 52. Bc6 Rc7 53. a6 Ke7
54. Rdc1 Rc8 55. Be4 Rcd8 56. Rc7+ Kf8 57. Rd1 Rxd4 58. Rxd4 Bxd4+ 59. Kf3 Bb6
60. Rb7 Bd4 61. b6 axb6 62. a7 1-0

[Event "Mondiale Lampo FIDE 2022"]
[Site "Alma Ata"]
[Date "29.12.2022"]
[Round "1.69"]
[White "Mamatov, Melis"]
[Black "Murzin, Volodar"]
[Result "0-1"]
[WhiteTitle ""]
[BlackTitle ""]
[WhiteElo "2399"]
[BlackElo "2561"]
[WhiteFideId "13800027"]
[BlackFideId "44155573"]
[EventDate "29.12.2022"]

1. e4 c6 2. d4 d5 3. e5 Bf5 4. h4 h5 5. Bd3 Bxd3 6. Qxd3 Qa5+ 7. Nd2 e6 8. Nf3
Nh6 9. O-O Qa6 10. c4 Nf5 11. b3 Be7 12. a4 O-O 13. g3 Rd8 14. Bb2 c5 15. Rfd1
Nc6 16. Kg2 cxd4 17. Nxd4 Nfxd4 18. Bxd4 dxc4 19. Nxc4 Nxd4 20. Rac1 Rac8 21.
Qe3 Nf5 22. Qf3 Qc6 23. Rxd8+ Bxd8 24. Rd1 Qxf3+ 25. Kxf3 Kf8 26. Rd7 Rb8 27.
Kf4 Ke8 28. Rd1 Bc7 29. Kg5 g6 30. Kf4 Rd8 31. Rc1 Rd4+ 32. Kf3 Kd7 33. Ke2 a6
34. a5 Rd5 35. b4 Nd4+ 36. Ke3 Nc6 37. f4 Rb5 38. Rd1+ Ke7 39. Kf3 Rxb4 40. Ne3
Bxa5 41. g4 hxg4+ 42. Nxg4 Rd4 43. Rc1 Rxf4+ 44. Kg3 Re4 45. Rb1 b5 46. Ra1 Ra4
47. Rc1 Rc4 0-1

[Event "Mondiale Lampo FIDE 2022"]
[Site "Alma Ata"]
[Date "29.12.2022"]
[Round "1.70"]
[White "Anton Guijarro, David"]
[Black "Begmuratov, Khumoyun"]
[Result "1-0"]
[WhiteTitle ""]
[BlackTitle ""]
[WhiteElo "2675"]
[BlackElo "2399"]
[WhiteFideId "2285525"]
[BlackFideId "14210207"]
[EventDate "29.12.2022"]

1. d4 Nf6 2. Nf3 g6 3. Nbd2 Bg7 4. e4 d6 5. c3 O-O 6. Be2 e5 7. dxe5 dxe5 8.
Nxe5 Qe7 9. f4 Nbd7 10. Nxd7 Bxd7 11. e5 Nd5 12. Nf3 Be6 13. O-O Rad8 14. Qe1 f6
15. Qg3 fxe5 16. fxe5 Rde8 17. Bg5 Qc5+ 18. Nd4 Bf7 19. Bf3 Bxe5 20. Qh4 Bg7 21.
Rae1 Nb6 22. Be7 Qc4 23. Bxf8 Rxf8 24. a3 c5 25. Be2 Qa2 26. Nf3 Qxb2 27. Ng5
Qxc3 28. Qxh7# 1-0

[Event "Mondiale Lampo FIDE 2022"]
[Site "Alma Ata"]
[Date "29.12.2022"]
[Round "1.71"]
[White "Tologon tegin, Semetei"]
[Black "Ter-Sahakyan, Samvel"]
[Result "0-1"]
[WhiteTitle ""]
[BlackTitle ""]
[WhiteElo "2394"]
[BlackElo "2605"]
[WhiteFideId "13800574"]
[BlackFideId "13302531"]
[EventDate "29.12.2022"]

1. Nf3 d5 2. g3 g6 3. Bg2 Bg7 4. d4 Nf6 5. O-O O-O 6. c3 a5 7. Bf4 b6 8. c4 Bb7
9. Ne5 e6 10. Nc3 Nbd7 11. Rc1 c6 12. cxd5 exd5 13. Nxd7 Nxd7 14. Qd2 Re8 15.
Rfe1 Nf8 16. Bg5 Qb8 17. Na4 Ra6 18. Bh6 Bh8 19. Bf1 Ba8 20. e3 Ra7 21. Bf4 Qd8
22. h4 Ne6 23. Bh6 Rd7 24. Qc2 Bb7 25. Qb3 b5 26. Nc5 Nxc5 27. dxc5 Bc8 28. Qc2
Bf6 29. Red1 Rde7 30. Bg2 Bf5 31. Qd2 a4 32. Bf4 h5 33. Bd6 Re6 34. b3 a3 35. b4
Bb2 36. Rc3 Bxc3 37. Qxc3 Be4 38. Bxe4 Rxe4 39. Qxa3 Qf6 40. Qa6 Qf3 41. Rf1 d4
42. exd4 Rxd4 43. Qb7 Rd1 44. Qd7 Ree1 45. Qd8+ Kh7 0-1

[Event "Mondiale Lampo FIDE 2022"]
[Site "Alma Ata"]
[Date "29.12.2022"]
[Round "1.72"]
[White "Jumabayev, Rinat"]
[Black "Averin, Nikolay"]
[Result "1-0"]
[WhiteTitle ""]
[BlackTitle ""]
[WhiteElo "2609"]
[BlackElo "2342"]
[WhiteFideId "13702661"]
[BlackFideId "24250473"]
[EventDate "29.12.2022"]

1. e4 c5 2. Nf3 d6 3. d4 cxd4 4. Qxd4 Nc6 5. Bb5 Bd7 6. Qd3 g6 7. O-O Bg7 8. c4
Nf6 9. h3 O-O 10. Nc3 Rc8 11. Rd1 Qc7 12. Be3 a6 13. Bxc6 Qxc6 14. e5 Nh5 15.
exd6 exd6 16. Qxd6 Qxd6 17. Rxd6 Be6 18. c5 Bxc3 19. bxc3 Nf6 20. Rb6 Rc7 21.
Bf4 Rd7 22. Bd6 Rc8 23. Ne5 Rdd8 24. Be7 Nd7 25. Bxd8 Nxe5 26. Be7 Bd5 27. Rd1
Bc6 28. Rd8+ Rxd8 29. Bxd8 Kf8 30. Bc7 Nd7 31. Rb2 Ke7 32. Re2+ Kf6 33. Bd6 Bd5
34. f3 Bc4 35. Rb2 Bd5 36. Kf2 Ke6 37. Re2+ Kf6 38. g4 Bc4 39. Rd2 Ke6 40. Rb2
Bb5 41. c4 Bxc4 42. Rxb7 Bxa2 43. c6 Kxd6 44. c7 Nb6 45. Rxb6+ Kxc7 46. Rxa6 Be6
47. Ke3 Kd7 48. Kf4 Bd5 49. Rf6 Ke7 50. Ke5 Be6 51. h4 h6 52. h5 gxh5 53. gxh5
Bd7 54. Rxh6 Bb5 55. Rf6 Bd3 56. Rd6 Bh7 57. f4 Bb1 58. f5 Kf8 59. Kf6 Kg8 60.
Kg5 Kg7 61. h6+ Kh7 62. Ra6 Bc2 63. Kf6 Bb3 64. Rb6 Bc4 65. Rb7 1-0

[Event "Mondiale Lampo FIDE 2022"]
[Site "Alma Ata"]
[Date "29.12.2022"]
[Round "1.73"]
[White "Shishkov, Andrei"]
[Black "Jobava, Baadur"]
[Result "0-1"]
[WhiteTitle ""]
[BlackTitle ""]
[WhiteElo "2340"]
[BlackElo "2578"]
[WhiteFideId "4500563"]
[BlackFideId "13601520"]
[EventDate "29.12.2022"]

1. d4 d5 2. c4 dxc4 3. e3 e5 4. Bxc4 exd4 5. Nf3 Bb4+ 6. Bd2 Bxd2+ 7. Qxd2 Nc6
8. exd4 Nf6 9. O-O O-O 10. d5 Ne7 11. Nc3 Nf5 12. h3 Nd6 13. Bb3 Bf5 14. Nd4 Bg6
15. f4 Nde4 16. Nxe4 Bxe4 17. Rad1 Bxd5 18. Nf5 Bxb3 19. axb3 Qxd2 20. Rxd2 Rfd8
21. Rfd1 Rxd2 22. Rxd2 Kf8 23. Rd4 a5 24. Kf2 b6 25. Kf3 g6 26. Ne3 Ke7 27. g4
Rd8 28. Rxd8 Kxd8 29. g5 Nd7 30. Nd5 c6 31. Ne3 b5 32. Nc2 Kc7 33. b4 axb4 34.
Nxb4 Kd6 35. Ke4 f5+ 36. Kd3 c5 37. Nc2 Nb6 38. Ke3 Nd5+ 39. Kf3 Kc6 40. h4 Kd6
41. Ne1 c4 42. Nc2 Kc5 43. Na3 b4 44. Nc2 b3 45. Na3 c3 0-1

[Event "Mondiale Lampo FIDE 2022"]
[Site "Alma Ata"]
[Date "29.12.2022"]
[Round "1.74"]
[White "Tang, Andrew"]
[Black "Suyarov, Mukhammadzokhid"]
[Result "1-0"]
[WhiteTitle ""]
[BlackTitle ""]
[WhiteElo "2540"]
[BlackElo "2299"]
[WhiteFideId "2059630"]
[BlackFideId "14210495"]
[EventDate "29.12.2022"]

1. d4 e6 2. c4 Nf6 3. Nc3 Bb4 4. Qc2 d5 5. cxd5 exd5 6. Bg5 c6 7. e3 h6 8. Bh4
Nbd7 9. Bd3 O-O 10. Ne2 Be7 11. O-O Ne8 12. Bg3 Bd6 13. f3 Bxg3 14. Nxg3 Nc7 15.
Rad1 Nf6 16. h3 Re8 17. Qf2 Be6 18. e4 dxe4 19. fxe4 a6 20. Bb1 Rf8 21. e5 Nfd5
22. Nce4 g6 23. Ne2 Bf5 24. N2g3 Be6 25. a3 b6 26. Ne2 Bf5 27. Qg3 Bxe4 28. Bxe4
Qg5 29. Qxg5 hxg5 30. Rc1 Ne6 31. Rxc6 Rfd8 32. Rd1 Rab8 33. Nc3 Ne7 34. Rd6
Rxd6 35. exd6 Nc8 36. d7 Nd6 37. Bc6 Nd8 38. d5 Kf8 39. Re1 Kg7 40. Kf2 N8b7 41.
b4 Rd8 42. Na4 b5 43. Nc5 Nxc5 44. bxc5 1-0

[Event "Mondiale Lampo FIDE 2022"]
[Site "Alma Ata"]
[Date "29.12.2022"]
[Round "1.75"]
[White "Khusenkhojaev, Mustafokhuja"]
[Black "Donchenko, Alexander"]
[Result "1-0"]
[BlackTitle ""]
[WhiteElo "2265"]
[BlackElo "2636"]
[WhiteFideId "14700727"]
[BlackFideId "24603295"]
[EventDate "29.12.2022"]

1. d4 Nf6 2. c4 e6 3. Nf3 c5 4. d5 d6 5. Nc3 exd5 6. cxd5 g6 7. g3 Bg7 8. Bg2
O-O 9. O-O Re8 10. Bf4 Bf5 11. Nh4 Bg4 12. Qd2 b5 13. Rfe1 b4 14. Nb5 Bf8 15. e4
Nh5 16. e5 Nd7 17. Nxd6 Bxd6 18. exd6 Nb6 19. h3 Bd7 20. Bg5 f6 21. Be3 Nc4 22.
Qd3 Nxe3 23. Rxe3 Qb6 24. Rae1 Qxd6 25. Qc4 Ng7 26. Rxe8+ Rxe8 27. Rxe8+ Bxe8
28. a3 a5 29. axb4 axb4 30. Nf3 Bf7 31. Nd2 f5 32. Qd3 Ne8 33. Nc4 Qa6 34. b3
Nd6 35. Qe2 Nxc4 36. bxc4 b3 37. Qe5 Qb7 38. d6 b2 39. Bxb7 b1=Q+ 40. Kh2 Qxb7
41. Qxc5 Qd7 42. Qb6 Bxc4 43. Qb8+ Kf7 44. Qb4 Be6 45. Qd4 Kg8 46. Qe5 Bf7 47.
Qf6 Qe6 48. Qd8+ Kg7 49. d7 f4 50. Qc7 fxg3+ 51. Kxg3 Qb3+ 52. f3 Qb1 53. Qe5+
Kh6 54. Qe3+ Kg7 55. d8=Q Qb2 1-0

[Event "Mondiale Lampo FIDE 2022"]
[Site "Alma Ata"]
[Date "29.12.2022"]
[Round "1.76"]
[White "Moiseenko, Alexander"]
[Black "Postlmayer, Jakob"]
[Result "1-0"]
[WhiteTitle ""]
[BlackTitle ""]
[WhiteElo "2577"]
[BlackElo "2314"]
[WhiteFideId "14102560"]
[BlackFideId "1643622"]
[EventDate "29.12.2022"]

1. d4 d5 2. c4 c6 3. Nc3 Nf6 4. Nf3 e6 5. Bg5 dxc4 6. a4 Bb4 7. e4 Bxc3+ 8. bxc3
Qa5 9. e5 Ne4 10. Bd2 c5 11. Bxc4 Nxd2 12. Qxd2 cxd4 13. cxd4 Nc6 14. Bb5 Bd7
15. Rc1 Qxd2+ 16. Kxd2 a6 17. Bd3 Nb4 18. Be4 Bc6 19. Bxc6+ Nxc6 20. Ke3 O-O-O
21. Ng5 Rd7 22. Ne4 Rhd8 23. Nd6+ Kb8 24. Rb1 Ne7 25. Rhc1 Nc8 26. Nc4 Rxd4 27.
Na5 Rd3+ 28. Ke2 R8d7 29. Nxb7 Rd2+ 30. Ke1 Rxb7 31. Rxb7+ Kxb7 32. Kxd2 Nb6 33.
a5 Nd7 34. f4 f6 35. exf6 Nxf6 36. Rb1+ Ka7 37. Rb6 Nd5 38. Rxe6 1-0

[Event "Mondiale Lampo FIDE 2022"]
[Site "Alma Ata"]
[Date "29.12.2022"]
[Round "1.77"]
[White "Elier, Ali"]
[Black "Munkhgal, Gombosuren"]
[Result "0-1"]
[BlackTitle ""]
[WhiteElo "2165"]
[BlackElo "2463"]
[WhiteFideId "16217543"]
[BlackFideId "4901266"]
[EventDate "29.12.2022"]

1. e4 e6 2. d4 d5 3. Nd2 c5 4. exd5 exd5 5. Ngf3 Nc6 6. dxc5 Bxc5 7. Nb3 Bb6 8.
Bd3 Nf6 9. O-O O-O 10. h3 Qd6 11. c3 Re8 12. Bg5 h6 13. Bd2 Ne4 14. Be1 Bf5 15.
Nbd4 Bg6 16. Nxc6 bxc6 17. Nd4 c5 18. Nf3 c4 19. Bxe4 Bxe4 20. Nd4 Bd3 21. Bd2
Bxd4 22. cxd4 Bxf1 23. Qxf1 Rab8 24. b3 Rec8 25. Be3 c3 26. Rc1 c2 27. Qd3 Qc6
28. Bd2 Rb7 29. Qg3 Qf6 30. Bf4 a5 31. Be5 Qg6 32. Qf3 Qg5 33. Bf4 Qf5 34. g4
Qe4 35. Qxe4 dxe4 36. Kf1 a4 37. bxa4 Rb4 38. d5 Rxa4 39. d6 Rxa2 40. Ke2 f6 41.
Ke3 Ra4 42. d7 Rd8 43. Rxc2 Rxd7 44. Ke2 Rda7 45. Rc8+ Kf7 46. Kf1 Ra3 47. Be3
Rb7 48. Kg2 Rb2 49. Kg3 Rbb3 50. Kf4 Ra4 51. h4 g5+ 52. hxg5 hxg5+ 53. Kg3 Rd3
54. Rb8 Raa3 55. Kg2 Ra2 56. Kg3 Raa3 57. Rb4 Rxe3+ 58. fxe3 Rxe3+ 59. Kf2 Rf3+
60. Kg2 Rf4 61. Kg3 Ke6 62. Rb6+ Kd5 63. Rb8 e3 64. Rd8+ Ke4 65. Rd6 e2 66. Re6+
Kd3 67. Rd6+ Ke3 68. Re6+ Re4 69. Rxe4+ Kxe4 70. Kf2 Kf4 0-1

[Event "Mondiale Lampo FIDE 2022"]
[Site "Alma Ata"]
[Date "29.12.2022"]
[Round "1.78"]
[White "Savchenko, Boris"]
[Black "Abdilkhair, Abilmansur"]
[Result "1-0"]
[WhiteTitle ""]
[BlackTitle ""]
[WhiteElo "2552"]
[BlackElo "2278"]
[WhiteFideId "4147332"]
[BlackFideId "13716417"]
[EventDate "29.12.2022"]

1. e4 c6 2. Nc3 d5 3. Nf3 dxe4 4. Nxe4 Nf6 5. Nxf6+ exf6 6. d4 Bd6 7. Bc4 O-O 8.
O-O Bg4 9. h3 Bh5 10. g4 Bg6 11. Nh4 Nd7 12. c3 Rc8 13. b4 Nb6 14. Nxg6 hxg6 15.
Bb3 Nd5 16. Bd2 g5 17. c4 Nf4 18. Qf3 g6 19. Rad1 Kg7 20. c5 Rh8 21. cxd6 Rxh3
22. Qe4 Qd7 23. Bxf4 gxf4 24. Qxf4 Rch8 25. Rfe1 g5 1-0

[Event "Mondiale Lampo FIDE 2022"]
[Site "Alma Ata"]
[Date "29.12.2022"]
[Round "1.79"]
[White "Everett, Elijah"]
[Black "Durarbayli, Vasif"]
[Result "0-1"]
[BlackTitle ""]
[WhiteElo "2202"]
[BlackElo "2612"]
[WhiteFideId "12973696"]
[BlackFideId "13402935"]
[EventDate "29.12.2022"]

1. e4 c5 2. Nf3 e6 3. d4 cxd4 4. Nxd4 Nc6 5. Nc3 d6 6. g4 e5 7. Nf5 Be6 8. Bb5
Rc8 9. Ba4 g6 10. Ne3 Nf6 11. Bb3 Bg7 12. h4 Nd4 13. h5 O-O 14. h6 Bh8 15. g5
Nh5 16. Ned5 b5 17. Be3 a5 18. Bxd4 exd4 19. Nxb5 Qxg5 20. Nxd6 Rcd8 21. Nf5
Bxf5 22. Rxh5 gxh5 23. Qxh5 Qg1+ 24. Kd2 Qxf2+ 25. Qe2 Qxe2+ 26. Kxe2 Rfe8 27.
Rg1+ Bg6 28. Kf3 Kf8 29. Re1 Re5 30. Bc4 0-1

[Event "Mondiale Lampo FIDE 2022"]
[Site "Alma Ata"]
[Date "29.12.2022"]
[Round "1.80"]
[White "Sanal, Vahap"]
[Black "Munkhdalai, Amilal"]
[Result "1-0"]
[WhiteTitle ""]
[BlackTitle ""]
[WhiteElo "2597"]
[BlackElo "2142"]
[WhiteFideId "6300545"]
[BlackFideId "4903250"]
[EventDate "29.12.2022"]

1. Nf3 Nf6 2. g3 d5 3. Bg2 Bf5 4. O-O e6 5. d3 h6 6. b3 c6 7. Bb2 Nbd7 8. Nbd2
Be7 9. e4 dxe4 10. dxe4 Bh7 11. Qe2 O-O 12. Rad1 Qc7 13. a4 Rad8 14. e5 Nd5 15.
Ne4 Nc5 16. Nd6 Nb4 17. Qc4 Nca6 18. Rd2 Nd5 19. Rfd1 Qb6 20. Bd4 c5 21. Bb2
Bxd6 22. exd6 Rxd6 23. Qg4 f6 24. c4 Qxb3 1-0

[Event "Mondiale Lampo FIDE 2022"]
[Site "Alma Ata"]
[Date "29.12.2022"]
[Round "1.81"]
[White "Sapenov, Daniyal"]
[Black "Hovhannisyan, Robert"]
[Result "1-0"]
[WhiteTitle ""]
[BlackTitle ""]
[WhiteElo "2323"]
[BlackElo "2597"]
[WhiteFideId "13728911"]
[BlackFideId "13302507"]
[EventDate "29.12.2022"]

1. d4 Nf6 2. Nf3 e6 3. c4 Bb4+ 4. Bd2 Qe7 5. g3 Bxd2+ 6. Qxd2 Nc6 7. b3 a5 8.
Nc3 a4 9. Rb1 axb3 10. axb3 O-O 11. Bg2 d6 12. O-O e5 13. e3 Bf5 14. Ra1 e4 15.
Rxa8 Rxa8 16. Ne1 h5 17. Nc2 g6 18. Ra1 Rxa1+ 19. Nxa1 h4 20. Nc2 h3 21. Bf1 Nh7
22. Nd5 Qd8 23. b4 Ne7 24. Nf4 Ng5 25. Ne1 Qa8 26. Qb2 f6 27. Be2 Qa4 28. c5 d5
29. b5 Qa5 30. Qc1 Kg7 31. Qd1 Ng8 32. Kf1 Nh6 33. Nc2 Qc3 34. Ne1 Qb2 35. Nxd5
c6 36. bxc6 bxc6 37. Ne7 Bd7 38. d5 cxd5 39. Qxd5 Be6 40. Qd4 Qc1 41. Nd5 Bxd5
42. Qxd5 Nf3 43. Bxf3 exf3 44. Qd7+ Nf7 45. Qxh3 Ne5 46. g4 Qc4+ 47. Kg1 Qe2 48.
Qf1 Qd1 49. h3 Qd5 50. Qb5 Qd1 51. Kf1 Qd2 52. Nxf3 Qc3 53. Qb7+ 1-0

[Event "Mondiale Lampo FIDE 2022"]
[Site "Alma Ata"]
[Date "29.12.2022"]
[Round "1.83"]
[White "Degenbaev, Aziz"]
[Black "Najer, Evgeniy"]
[Result "0-1"]
[BlackTitle ""]
[WhiteElo "2139"]
[BlackElo "2662"]
[WhiteFideId "13802640"]
[BlackFideId "4118987"]
[EventDate "29.12.2022"]

1. e4 c6 2. d4 d5 3. e5 c5 4. dxc5 e6 5. a3 Bxc5 6. b4 Be7 7. Qg4 Kf8 8. Nf3 a5
9. b5 Nd7 10. Bd3 f6 11. Bb2 fxe5 12. Nxe5 Nxe5 13. Bxe5 Bf6 14. Qf3 Nh6 15. O-O
Nf7 16. Bxf6 Qxf6 17. Qxf6 gxf6 18. f4 Bd7 19. Nd2 Rc8 20. Nb3 b6 21. Rae1 Nd6
22. Nd4 Kf7 23. Be2 f5 24. Bd3 a4 25. Rb1 Rc3 26. Nf3 Rxa3 27. Ne5+ Ke7 28. Rfe1
Rc3 29. Rb4 Ra8 30. Nf3 a3 31. Nd4 a2 32. Ra1 Rca3 33. Nc6+ Bxc6 34. bxc6 b5 35.
Bxb5 Rb8 36. c7 Rc8 37. Bd3 Rxc7 38. Rb2 Rca7 39. Rb8 Rb7 40. Rxb7+ Nxb7 41. Kf2
d4 42. Ke2 Nc5 43. Bc4 Rc3 44. Bxa2 Rxc2+ 45. Kf3 Ne4 0-1

[Event "Mondiale Lampo FIDE 2022"]
[Site "Alma Ata"]
[Date "29.12.2022"]
[Round "1.84"]
[White "Yilmaz, Mustafa"]
[Black "Mamedov, Edgar"]
[Result "0-1"]
[WhiteTitle ""]
[BlackTitle ""]
[WhiteElo "2617"]
[BlackElo "2283"]
[WhiteFideId "6302718"]
[BlackFideId "13739980"]
[EventDate "29.12.2022"]

1. d4 d5 2. c4 c6 3. cxd5 cxd5 4. Bf4 Nc6 5. e3 Nf6 6. Nc3 a6 7. Bd3 Bg4 8. Nge2
e6 9. h3 Bh5 10. O-O Bd6 11. Bxd6 Qxd6 12. Rc1 O-O 13. Na4 Nd7 14. a3 Rac8 15.
Qd2 Bg6 16. Nf4 Bxd3 17. Nxd3 e5 18. dxe5 Ncxe5 19. Nf4 Nf6 20. Rfd1 b5 21. Nc3
Nc4 22. Qe2 Qe5 23. Nfxd5 Nxd5 24. Rxd5 Qf6 25. Rd4 Rfe8 26. Nd5 Qxd4 27. exd4
Rxe2 28. Kf1 Re6 29. Rc2 Nd2+ 0-1

[Event "Mondiale Lampo FIDE 2022"]
[Site "Alma Ata"]
[Date "29.12.2022"]
[Round "1.85"]
[White "Amangeldy, Ernur"]
[Black "Pantsulaia, Levan"]
[Result "0-1"]
[BlackTitle ""]
[WhiteElo "2097"]
[BlackElo "2597"]
[WhiteFideId "13720244"]
[BlackFideId "13602071"]
[EventDate "29.12.2022"]

1. d4 c5 2. d5 g6 3. Nc3 Bg7 4. e4 d6 5. Nf3 Nf6 6. Bb5+ Bd7 7. a4 Bxb5 8. axb5
O-O 9. O-O Nbd7 10. Nd2 Nb6 11. Qe2 e6 12. Nc4 exd5 13. Nxb6 axb6 14. Rxa8 Qxa8
15. exd5 Re8 16. Qc4 Nd7 17. Bf4 Ne5 18. Qa4 Qc8 19. h3 Qf5 20. Qe4 Qd7 21. Bxe5
Bxe5 22. Qd3 Qe7 23. g3 Bd4 24. Kg2 Kg7 25. Qf3 Qd7 26. Qd3 h5 27. h4 Qg4 28.
Qf3 Re5 29. Qxg4 hxg4 30. Rd1 Bxc3 31. bxc3 Re2 32. Ra1 Rxc2 33. Ra7 Rxc3 34.
Rxb7 Kf6 35. Rxb6 Ke5 36. Rb7 Rb3 37. Rxf7 c4 38. Rc7 Kxd5 39. Kf1 Kd4 40. Ke2
d5 41. Rc6 Rxb5 42. Rxg6 Rb2+ 43. Kf1 0-1

[Event "Mondiale Lampo FIDE 2022"]
[Site "Alma Ata"]
[Date "29.12.2022"]
[Round "1.86"]
[White "Sychev, Klementy"]
[Black "Akhilbay, Imangali"]
[Result "1-0"]
[WhiteTitle ""]
[WhiteElo "2556"]
[BlackElo "2140"]
[WhiteFideId "4114060"]
[BlackFideId "13734857"]
[EventDate "29.12.2022"]

1. e4 e5 2. Nf3 Nc6 3. Bb5 a6 4. Ba4 Nf6 5. O-O Nxe4 6. Re1 Nc5 7. Bxc6 dxc6 8.
Nxe5 Be7 9. d4 Ne6 10. Be3 O-O 11. c4 f6 12. Nf3 Re8 13. Nc3 Bd6 14. Qb3 c5 15.
dxc5 Nxc5 16. Qc2 Bg4 17. Nd4 Qd7 18. b4 Ne6 19. Nb3 Nf4 20. Bxf4 Bxf4 21. Nd5
Be5 22. Rac1 Bf5 23. Qd1 Qd6 24. Qf3 Be6 25. Nc5 Bc8 26. h3 c6 27. Nb6 Rb8 28.
Nxc8 Rbxc8 29. g3 Bd4 30. Rxe8+ Rxe8 31. Rd1 Qe5 32. Nxb7 Ba7 33. Na5 Qb2 34.
Nxc6 Bb6 35. c5 Bc7 36. Qd5+ Kh8 37. Rd2 Qc1+ 38. Kg2 Qe1 39. Qd3 Qe6 40. Qf3
Qe1 41. Nd4 Qxd2 42. Qc6 Rd8 43. Ne6 Rd7 44. Nxc7 Re7 45. Qa8+ 1-0

[Event "Mondiale Lampo FIDE 2022"]
[Site "Alma Ata"]
[Date "29.12.2022"]
[Round "1.88"]
[White "Petrosyan, Manuel"]
[Black "Nissinen, Niilo Man"]
[Result "1/2-1/2"]
[WhiteTitle ""]
[BlackTitle ""]
[WhiteElo "2621"]
[BlackElo "1996"]
[WhiteFideId "13300857"]
[BlackFideId "30950767"]
[EventDate "29.12.2022"]

1. d4 Nf6 2. c4 g6 3. Nc3 d5 4. Nf3 Bg7 5. Bf4 O-O 6. e3 c5 7. Rc1 cxd4 8. Nxd4
a6 9. Be2 dxc4 10. Bxc4 b5 11. Qf3 Ra7 12. Bxb8 Bb7 13. Nc6 Bxc6 14. Qxc6 Qxb8
15. Bb3 Rc8 16. Qf3 Rac7 17. Rd1 e6 18. O-O Qb7 19. Rd6 Qxf3 20. gxf3 Ra7 21.
Rfd1 Kf8 22. a4 bxa4 23. Bxa4 Ke7 24. Rb6 Rcc7 25. Rb8 Rcb7 26. Rc8 Rc7 27. Rdd8
Rxc8 28. Rxc8 Rb7 29. b3 Nd7 30. Ne4 f5 31. Nc5 Nxc5 32. Rxc5 Ra7 33. Rc6 a5 34.
Bb5 Be5 35. Rc8 Bd6 36. Re8+ Kf7 37. Rh8 Kg7 38. Rd8 Bb4 39. Bc4 e5 40. Rd5 Re7
41. Kg2 Kf6 42. Rb5 e4 43. fxe4 Rxe4 44. Rb6+ Kg7 45. Rb7+ Re7 46. Rb8 Ra7 47.
Rg8+ Kf6 48. Rb8 Bc3 49. f4 a4 50. Rb6+ Kg7 51. bxa4 Rxa4 52. Rb7+ Kh6 53. Bg8
Bg7 54. Kf3 Ra2 55. h3 Ra1 56. Bd5 Rf1+ 57. Kg3 Re1 58. Kf2 Ra1 59. Rc7 Ra3 60.
Rb7 Bf6 61. Bg8 Bg7 62. Kf3 Rc3 63. Rd7 Ra3 64. Rd6 Ra1 65. Be6 Ra5 66. Rc6 Bb2
67. Rc2 Bg7 68. Rc7 Bb2 69. Rb7 Bf6 70. Rb6 Kg7 71. Rb7+ Kh6 72. Bd7 Bg7 73. Rb6
Rc5 74. Rb7 Bf6 75. Be6 Bg7 76. Bg8 Ra5 77. Ke2 Ra3 78. Rb6 Rc3 79. Bd5 Ra3 80.
Bc4 Bf8 81. Bd3 Ra2+ 82. Kf3 Ra3 83. Bxf5 Rxe3+ 84. Kxe3 Bc5+ 85. Kf3 Bxb6 86.
Bd3 Kg7 1/2-1/2

[Event "Mondiale Lampo FIDE 2022"]
[Site "Alma Ata"]
[Date "29.12.2022"]
[Round "2.4"]
[White "Riazantsev, Alexander"]
[Black "Yu, Yangyi"]
[Result "0-1"]
[WhiteTitle ""]
[BlackTitle ""]
[WhiteElo "2626"]
[BlackElo "2728"]
[WhiteFideId "4125029"]
[BlackFideId "8603820"]
[EventDate "29.12.2022"]

1. d4 Nf6 2. c4 e6 3. Nc3 Bb4 4. e3 O-O 5. Bd3 d5 6. Nf3 h6 7. O-O dxc4 8. Bxc4
c5 9. a3 Ba5 10. Qd3 Nc6 11. Rd1 Qe7 12. Ne4 cxd4 13. exd4 Rd8 14. Ba2 e5 15. d5
Bf5 16. Nxf6+ Qxf6 17. Qe2 e4 18. dxc6 exf3 19. Qxf3 Be4 20. Rxd8+ Rxd8 21. Bg5
hxg5 22. Qxe4 Qxb2 23. Qb1 Qe5 24. cxb7 Bc3 25. Qb3 Qf6 26. Rf1 Bd4 27. g3 Bb6
28. Bb1 Qc6 29. Ba2 Qxb7 30. Qb1 Qe7 31. Qb3 Qf6 32. Qc2 g6 33. a4 Kg7 34. Bc4
Rc8 35. Qe2 Rc5 36. Qd3 Re5 37. Bd5 Qd6 38. Be4 Qf6 39. Bg2 Re1 40. Qf3 Rxf1+
41. Kxf1 Qa1+ 42. Ke2 Qa2+ 43. Kf1 Qb1+ 44. Ke2 Qc2+ 45. Kf1 Qxa4 46. Qc3+ Bd4
47. Qd3 Qa1+ 48. Ke2 Qb2+ 49. Qd2 Qxd2+ 50. Kxd2 Bxf2 51. g4 a5 52. Bc6 f5 53.
h3 Kf6 54. Be8 Bc5 55. Kd3 Bb6 56. Ke2 f4 57. Kf3 Ke5 58. Bxg6 a4 59. Bf7 a3 60.
Bg8 Ba5 61. Bf7 Be1 62. Ke2 Bh4 63. Kd3 f3 64. Ke3 f2 65. Ke2 Kd4 0-1